Obras en pintura y escultura expuestas en el local de la corporación desde el 15 al 30 de Junio de 1876 / Sociedad Económica Barcelonesa de Amigos del País
Descripción Física:
23 p. ; 16 cm
MARC
| LEADER | 00000nam a2200000Ia 4500 | ||
|---|---|---|---|
| 001 | 20179 | ||
| 008 | 160829s1876 xx 000 0 cat d | ||
| 080 | |a 2274, exp. 1 | ||
| 110 | 2 | |a Societat Econòmica Barcelonesa d'Amics del País |9 53272 | |
| 245 | |a Obras en pintura y escultura expuestas en el local de la corporación desde el 15 al 30 de Junio de 1876 / Sociedad Económica Barcelonesa de Amigos del País | ||
| 260 | |a Barcelona : |b Establecimiento Tipográfico de Narciso Ramírez y ca., |c 1876 | ||
| 300 | |a 23 p. ; |c 16 cm | ||
| 650 | |a Pintura |x Catàlegs |9 48321 | ||
| 650 | |a Pintura |x Exposicions |9 31014 | ||
| 650 | 0 | |a Escultura |x Catàlegs |9 48323 | |
| 650 | |a Escultura |x Exposicions |9 48324 | ||
| 901 | |a Arxiu | ||
| 942 | |n 1 | ||
| 952 | |0 0 |1 0 |4 0 |6 2274_EXP_1 |7 1 |9 54468 |a Arxiu |b Arxiu |d 2016-12-01 |l 0 |o 2274, exp. 1 |p 20179 |r 2016-12-01 00:00:00 |w 2016-12-01 |y ARXIU | ||
| 999 | |c 58337 |d 58337 | ||